đź“–200 premiers mots "Charlie et la chocolaterie" Roald Dahl - Statistiques

Statistiques générales
  • Ce quiz a Ă©tĂ© pris 60 fois
  • Le rĂ©sultat moyen est 123 sur 200
Statistiques - réponses
Mots % Correct
Augustus Gloop,
98%
Charlie'
98%
Charlie
98%
Charlie.
98%
Charlie!
98%
Charlie Bucket,
98%
Charlie Bucket -
98%
Mike Teavee,
98%
Mr.
98%
Mrs.
98%
Veruca Salt,
98%
Violette Beauregard,
96%
Ă 
94%
d'
90%
Georges
90%
Georgina.
90%
Joe
90%
Joséphine.
90%
la
88%
La
88%
Le
88%
le
88%
Mr. Bucket.
88%
s'
88%
Bucket
85%
Bucket.
85%
et
85%
Et
85%
Il
85%
Mrs. Bucket.
85%
n'
85%
un
83%
de
81%
les
81%
les!)
81%
une
81%
mère
79%
père
79%
petit
79%
Ce
77%
en
77%
en ...
77%
fille
77%
grand-
77%
garçon
75%
maison
75%
par
75%
petite
75%
qu'
75%
qui
75%
dans
73%
que
73%
papa
71%
ses
71%
est
69%
maman
69%
ne
69%
appelle
67%
du
67%
Ils
67%
ils
67%
était
65%
pour
65%
ont
63%
parents.
63%
parents
63%
parents,
63%
tout
60%
très
58%
y
58%
si
56%
Si
56%
enfants
54%
famille -
54%
ville.
54%
appellent
52%
grande
52%
vie
52%
re-
50%
chewing-
48%
grands-
48%
gum.
48%
sont
48%
trop
48%
lit.
44%
lit
44%
beaucoup
42%
cette
42%
gâtée
42%
seul
42%
Toute
42%
vieux
40%
vieux.
40%
vieux,
40%
'Voici
40%
voici
40%
Voici
40%
gourmand.
38%
quatre
38%
bois,
35%
monsieur
35%
fait
33%
cinq
31%
dame
31%
deux
31%
Deux
31%
mâcher
31%
occupé
31%
passe
31%
vieille
31%
vivait
31%
autres
29%
monde
29%
personnes
29%
tant
29%
journées
25%
six
25%
bordure
21%
grandes
21%
héros.
21%
télévision,
21%
notre
19%
regarder
19%
Bonjour,
17%
bonjour
17%
bonjour.
17%
faire
17%
heureux
15%
fatigués.
8%
fatigués
8%
livre'
8%
pièces
8%
seulement
8%
votre
8%
abriter
6%
sauf
6%
(comptez-
4%
confortable.
4%
connaissance.
4%
réunie
0%
Aucun quiz correspondant
Distribution des résultats
% des personnes avec chaque résultat
Percentile par nombre de réponses
Votre historique - résultats
Vous n’avez pas pris ce quiz